MDQL
is popping MORE tags! Check the
thread
!
Quizzes
Events
Quiz Creation
Community
Videos
Private Events
Remove Ads
Sign In
Join for FREE
Feedback
Dark Mode
Quiz Categories
Sports
Geography
Music
Movies
Television
Just For Fun
Miscellaneous
History
Literature
Language
Science
Gaming
Entertainment
Religion
Holiday
For Kids
Quiz Lab
Recent
Popular Today
Quiz Kudos Today
Editor Picks
Curator Picks
Quizzes by...
Day
Popularity
Type
Ratings
Length
Year
Community
Subscriptions
Recent Discussions
Orange Saloon
Badges
Playlists
Quests
Create
Leaderboards
Showdown
Live 5
Trivia Bingo
Activity
Puzzle Library
Sporcle Events
Private Events
Virtual Trivia
Globe League
Become a Host
Pub Owners
SporcleCon
Opinionation
Our Games
Videos
Blog
Mobile Apps
Partnerships
Remove Ads and Go Orange
Feedback
Music
Pop Music
The Beatles
Song
Album
Lyrics
Bands
Singers
Artist
Clip
Rock
Rap
Classical
Billboard
Country Music
Kpop
Taylor Swift
Music
Pop Music
The Beatles
Song
Album
Lyrics
Bands
Singers
Artist
Clip
Rock
Rap
Classical
Billboard
Country Music
Kpop
Taylor Swift
Random Quiz
Search Sporcle
×
Quiz Lab
Quiz Lab
Music
Song
Type in answers that appear in a list
Type in answers that appear in a list
Classic
Best Score? Go Orange.
Mystery Billy Joel Song 10 Stats
Can you name the mystery Billy Joel song?
By
jroccoj
10m
297 Questions
908 Plays
908 Plays
908 Plays
Comments
Comments
Give Quiz Kudos
Give Quiz Kudos
-
- Ratings
hide this ad
More Info
Replay
Link that replays current quiz
Next Quiz
Link to next quiz in quiz playlist
You Got
0%
They Got
Avg Score
65%
Avg Friend Score
Upgrade to see
Score Distribution
Jump to the score distribution portion of the page
Score
0/297
Timer
10:00
0
Plays Today
% Correct
I
96.6%
I
96.6%
I
96.6%
a
96%
a
96%
a
96%
a
96%
a
96%
a
96%
a
96%
a
96%
a
96%
a
96%
the
92%
the
92%
the
92%
the
92%
you
91.3%
You
91.3%
you,
91.3%
you
91.3%
you
91.3%
you
91.3%
you
91.3%
You
91.3%
you
91.3%
you
91.3%
you
91.3%
you
91.3%
you
91.3%
you,
91.3%
you
91.3%
you
91.3%
you
91.3%
you
91.3%
you
91.3%
you
91.3%
you.
91.3%
you
91.3%
you
91.3%
it
85.8%
it!
85.8%
it!
85.8%
it!
85.8%
it!
85.8%
it
85.8%
it!
85.8%
and
85.1%
And
85.1%
and
85.1%
to
83.9%
to
83.9%
to
83.9%
to
83.9%
To
83.9%
to
83.9%
to
83.9%
to
83.9%
to
83.9%
she
83.7%
she
83.7%
she
83.7%
she
83.7%
in
80.6%
in
80.6%
do.
80.4%
be
78.5%
be
78.5%
be
78.5%
go.
78.2%
her
77.9%
her
77.9%
her
77.9%
her
77.9%
her
77.9%
her
77.9%
her
77.9%
her,
77.9%
her
77.9%
her
77.9%
her
77.9%
her
77.9%
her
77.9%
her
77.9%
her
77.9%
her
77.9%
her
77.9%
know
76.3%
know
76.3%
know
76.3%
know
76.3%
want
75%
want
75%
your
75%
don't
73.6%
don't
73.6%
don't
73.6%
what
73.5%
that
73.5%
% Correct
that
73.5%
that
73.5%
that
73.5%
that
73.5%
that
73.5%
what
73.5%
do…
73.2%
for
73%
for
73%
for
73%
When
72.9%
When
72.9%
when
72.9%
so
71.5%
tell
70.5%
tell
70.2%
Tell
70.2%
Tell
70.2%
Tell
70.2%
Tell
70.2%
Tell
70.2%
Tell
70.2%
tell
70.2%
Tell
70.2%
know…
69.5%
there
69.4%
there.
69.4%
about
69.3%
about
69.3%
love
69.3%
about
69.3%
about
69.3%
about
69.3%
You're
68.7%
you're
68.7%
you're
68.7%
see
68.6%
She's
68.1%
she's
68.1%
she's
68.1%
She's
68.1%
She's
68.1%
all
68%
all
68%
let
67.4%
let
67.4%
Let
67.4%
let
67.4%
Let
67.4%
how
67.2%
how
67.2%
but
66%
But
66%
But
66%
girl
65.7%
girl
65.7%
girl
65.7%
good
65.2%
good
65.2%
good
65.2%
thing
64.9%
always
64.9%
thing
64.9%
always
64.9%
it's
64%
it's
64%
boy,
63.7%
boy,
63.7%
boy
63.7%
boy,
63.7%
boy,
63.7%
should
63.5%
should
63.5%
of
63.3%
like
62.8%
like
62.8%
just
61.1%
just
61.1%
Just
61.1%
real
60.9%
real.
60.9%
make
60.4%
some
60.1%
have
60.1%
can't
60%
Listen
59.8%
away.
59.8%
Listen
59.8%
Listen
59.8%
Listen
59.8%
need
58.9%
one
58.9%
got
58.6%
got
58.6%
every
58.4%
Every
58.4%
slip
58%
then
57.9%
much
57.5%
% Correct
much
57.5%
with
57.2%
were
57%
not
56.9%
not
56.9%
now,
56.8%
now
56.8%
man
56.8%
made.
56.4%
made
56.4%
same
55.8%
mistakes
55.8%
mistakes.
55.8%
way
55.7%
dreams.
55.7%
way
55.7%
nice
55.6%
nice
55.6%
get
55.1%
feel.
54.4%
from
54.1%
from
54.1%
crazy
53.9%
wouldn't
53.4%
I'm
52.6%
someone,
52.6%
Give
52.1%
give
52.1%
or
52%
will
51.8%
could
51.8%
means.
51.3%
never
51.2%
you'll
50%
won't
49%
care.
48.3%
think
48.2%
under
47.7%
only
47.7%
soul.
47.4%
soul.
47.4%
reason
46.3%
trust
46.3%
control.
45.9%
put
45.6%
big
45%
long.
44.8%
anybody
44.6%
that's
44.5%
two
44.5%
watching
44.2%
who's
43.8%
wish
43.5%
everything
43.1%
you've
42.5%
telling
42.4%
because
42.4%
may
42.2%
accept
41.9%
there's
41.7%
day
41.7%
she'll
41.7%
ought
41.3%
kind
41.1%
gone?
40.5%
makes.
40.1%
trusting
40.1%
word
39.9%
gets
39.9%
difference
39.6%
someone's
39.5%
haven't
38.5%
sure
38%
worrying
37.9%
stay
37.8%
insecure.
37.8%
believe.
37.6%
somebody
37.3%
done
37.2%
anything,
37.1%
spoken
36.5%
something
35.7%
information
35.2%
leave.
34.7%
Though
34.7%
guarantee.
34.6%
certain
34.5%
consolation
33.5%
before
33.3%
'Cause
31.7%
reassure…
31.3%
attention,
30.5%
automatically
28.7%
constantly.
28.6%
communication
28.4%
provide
27.1%
Pay
25.1%
yourself
24%
insure
20.7%
Quiz Playlist
Details
Report
Send in Message
Add To Playlist
More Info:
Try to identify the Billy Joel song by guessing the lyrics!
Classic:
Type in answers that appear in a list
Quiz Source
Last Updated: Jul 30, 2017
Quiz Scoreboard
CHALLENGE
Sign Up to Join the Scoreboard
Show All
Scores
Hide
Comments
May contain spoilers
Recently Published
5x2 Blitz: Bands
by SL_Kpop136
Music
30s
Colored Red Africa Blitz
by spor1
Geography
30s
Find the 'City' Movie
by crazypaving
Movies
60s
More to Explore
Quiz From the Vault
Featured Blog Post
14 Easter Pick-up Lines to Find Eggs With
hide this ad
You Might Also Like...
Tags
Lyrics Quiz
Song Quiz
Billy
Billy Joel
Figure Out the Lyrics
joel
Mystery
Mystery Song
Today's Top Quizzes in Music
Browse Music
hide this ad
Today's Top Quizzes in Song
Browse Song
Top Contributed Quizzes in Music
1
5X2 Blitz: Bands II
2
5X2 Blitz: The Beatles
3
Taylor Swift All Songs (2024)
4
5X2 Blitz: Billboard
5
Taylor Swift Logic Puzzle II
6
5X2 Blitz: Billboard II
7
5X2 Blitz: Singers
8
5X2 Blitz: Album
9
5X2 Blitz: Rock
10
5X2 Blitz: Lyrics
Explore More
Trending Topics
Crossword
Harry Potter
Kpop
Disney
NBA
Anime
Marvel
The Office
Country
WWE
Soccer
Song
Pokémon
Puzzle
NFL
hide this ad
More By:
jroccoj
Quiz
Plays
Rating
Category
Featured
Created
Houses of Westeros: The North
4,171
4.82
Literature
Feb 17, 2014
Mystery Billy Joel Song 1
3,552
4.45
Music
Jun 27, 2010
Mystery Billy Joel Song 2
2,747
3.43
Music
Jun 27, 2010
Houses of Westeros: The Riverlands
2,577
4.29
Literature
Feb 17, 2014
Houses of Westeros: The Crownlands
2,555
4.25
Literature
Feb 17, 2014
Go to Creator's Profile
Score Distribution
Quiz Creator Spotlight
jroccoj
Follow
Send a Message
Quizzes Created
-
Created Quiz Play Count
-
More By This Creator
Popular Quizzes Today
1
Colored Red Africa Blitz
2
Find the 'City' Movie
3
5x2 Blitz: Bands
4
Find the US States - No Outlines Minefield
5
The Countries of the World
6
Find the US States
7
US States
8
Find the Countries of Europe - No Outlines Minefield
More Music Quizzes
Picture the Song IV
Published
Trending Quizzes
Colored Red Europe Blitz I
Colored Red Europe Blitz II
Colored Red Africa Blitz II
Colored Red Europe Blitz III
Colored Red Africa Blitz III
Recently Updated
How Do You Spell That?
pecheneg
Godzilla Movies
pecheneg
Grab Bag: 4-10 Letters
pecheneg
2024 March Madness Bracket
pecheneg
Famous TV Couples
Peacemaker
Champions League XIs: Real Madrid
pecheneg
Largest US Cities 1790-2010
pecheneg
Rides in Walt Disney World
pecheneg
Most Oscar Losses (Acting)
pecheneg
Beyoncé Albums
pecheneg
Trending Topics
Crossword
Harry Potter
Marvel
Kpop
Anime
NBA
Disney
Puzzle
NFL
Pokémon
Song
Country
WWE
Soccer
The Office
Your Account Isn't Verified!
In order to create a playlist on Sporcle, you need to verify the email address you used during registration. Go to your
Sporcle Settings
to finish the process.
Report this User
Report this user for behavior that violates our
Community Guidelines
.
Details:
Send Report
Go to the Sporcle.com Mobile Site →
Comments